| 000 | 01514nam a2200349 c 4500 | ||
|---|---|---|---|
| 003 | BLK | ||
| 005 | 20230116161315.0 | ||
| 008 | 180412b bul|||||r ||||||| ||bul|| | ||
| 010 | _aKNG00011116000 | ||
| 020 |
_a954-420-196-3 _bиздат.: Медицина и физкултура |
||
| 040 | _aBLK | ||
| 041 |
_aBUL _cBUL |
||
| 080 |
_aПедиатрия. Детски болести. Вж и 613.22 ; 613.95 _b616-053.2 _x(035) _z616-053.2(035) |
||
| 100 | 1 |
_aМумджиев, Никола Христов _eпърви автор _9254708 |
|
| 139 |
_aМумджиев, Никола Христов _bМ 95 |
||
| 245 | 1 | 0 |
_aАмбулаторна педиатрия _cНикола Христов Мумджиев. |
| 257 | _aBGR | ||
| 260 |
_аСофия _bМедицина и физкултура _c1995 |
||
| 300 |
_a332 с. _bс табл., сх., диагр. _c22 см |
||
| 380 | _a61 | ||
| 500 | _aОфс. изд. - 1 542 тир. - Библиогр. след отд. гл. ; Предм. показалец. | ||
| 650 | 4 |
_aПедиатрия - наръчници и ръководства _9245044 |
|
| 650 | 4 |
_aДетски болести - диагностика и лечение - наръчници и ръководства _9245045 |
|
| 653 | _aпедиатрия | ||
| 653 | _aнаръчници | ||
| 653 | _aръководства | ||
| 852 | _aЦб 185849 | ||
| 856 | 4 |
_qpdf _u |
|
| 856 | 4 |
_qpdf _u |
|
| 942 |
_cKNG _n0 _04 |
||
| 944 |
_aCR _c15.01.2003 _lф / _kЛюдмила_Стоянова |
||
| 944 |
_aED _c17.08.2011 _lф / _k |
||
| 999 |
_c9686 _d9686 |
||